000 00313nam a22001337a 4500
003 SGT
020 _a978-93-80316-49-9
082 _a150
_bJHA
100 _aJHA, VIVEK KUMAR
245 _aAUTISM: PSYCHOLOGICAL NEUROLOGICAL & CLINICAL
260 _aDELHI
_bAHUJA PUB.
_c2021
300 _a359
942 _2ddc
_cBK
999 _c24583
_d24583